Quizzes
Events
Quiz Creation
Community
Videos
Private Events
Remove Ads
Sign In
Join for FREE
Feedback
Dark Mode
Quiz Categories
Sports
Geography
Music
Movies
Television
Just For Fun
Miscellaneous
History
Literature
Language
Science
Gaming
Entertainment
Religion
Holiday
For Kids
Quiz Lab
Recent
Popular Today
Quiz Kudos Today
Editor Picks
Curator Picks
Quizzes by...
Day
Popularity
Type
Ratings
Length
Year
Community
Subscriptions
Recent Discussions
Orange Saloon
Badges
Playlists
Quests
Create
Leaderboards
Showdown
Live 5
Trivia Bingo
Activity
Puzzle Library
Sporcle Events
Private Events
Virtual Trivia
Globe League
Become a Host
Pub Owners
SporcleCon
Opinionation
Our Games
Videos
Blog
Mobile Apps
Partnerships
Remove Ads and Go Orange
Feedback
History
US Presidents
World Leaders
Politics
Nation
Discovery
War
Decade
Year
Century
Biography
Art
History
US Presidents
World Leaders
Politics
Nation
Discovery
War
Decade
Year
Century
Biography
Art
Random Quiz
Search Sporcle
×
Quiz Lab
Quiz Lab
History
Svar
Type in answers that appear in a list
Type in answers that appear in a list
Classic
Best Score? Go Orange.
Gresk antikk Stats
Gresk antikk
By
LektorRise
20m
30 Questions
954 Plays
954 Plays
954 Plays
Comments
Comments
Give Quiz Kudos
Give Quiz Kudos
-
- Ratings
hide this ad
Forced Order
Answers have to be entered in order
Answers have to be entered in order
Random Order
Randomize order of answers
Randomize order of answers
Replay
Link that replays current quiz
Next Quiz
Link to next quiz in quiz playlist
You Got
0%
They Got
Avg Score
72%
Avg Friend Score
Upgrade to see
Score Distribution
Jump to the score distribution portion of the page
Score
0/30
Timer
20:00
0
Plays Today
Hint
Svar
% Correct
Kva heitte eleven til Sokrates, som skreiv ned alt han sa, og oppretta Akademiet, den filosofiske skulen i Athen?
Platon
99.1%
Kva metall revolusjonerte antikken ved at det vart mykje billigare å produsere reiskap og våpen?
Jern
98.2%
Kva metall var det vanlegaste å lage reiskap og våpen av før antikken tok til?
Bronse
97.2%
Kva heitte filosofen som var oppteken av å forstå verda vi lever i. Han var skeptisk til demokrati, men ville følgje den gylne middelveg?
Aristoteles
95.9%
Når reikna ein med at antikken starta?
700 f.kr.
95.4%
Styreform i Athen
Demokrati
92.4%
Kva var rekna for å vere sentrum i den antikke verda, mare nostrum?
Middelhavet
92.2%
Kva vart dei kalla, dei som ikkje deltok i politikken?
Idiotane
92.2%
Kva rekna grekarane for å vere verdas navle, der ein kunne besøke orakelet?
Delfi
91.7%
Kva heitte forsamlinga i Sparta med menn over 60 år som styrte staten?
Rådet
91.7%
Mellom 490 f.kr. og 479 f.kr. kriga greske bystatar mot denne overmakta
Persarane
91.3%
I Athen sin gullalder leia denne strategen bystaten, med store politiske sigerar og kulturell framgang
Perikles
89.9%
Idrettsarrangement til ære for gudane
Dei olympiske leikane
89.1%
Kva to ting hadde dei greske bystatane til felles?
Mytologi og språk
89%
Korleis var byen til bronsealderkulturen på Kreta organisert som?
Palasskultur
88.5%
Hint
Svar
% Correct
Styreforma i Sparta
Oligarki
88.1%
Kva heitte det første nivået i både Sparta og Athen der alle frie borgarar over ein viss alder kunne møte?
Folkeforsamlinga
88.1%
Kva kallast bronsealderkulturen på Kreta som gjekk under i 1150 f.kr.
Minoarane
87.2%
Leiaren av dei greske gudane.
Zevs
86.4%
Namnet på slavane i Sparta
Helotane
85.4%
Kven vert rekna for å vere den første store filosofen, som vandra rundt å spurte ut folk?
Sokrates
84.5%
Open plass midt i dei fleste greske bystatar
Agora
84.1%
Forskansa fjellknaus som låg sentralt i mange greske bystatar
Akropolis
82.7%
Namnet på den type bysamfunn grekarane levde i frå 700 f.kr. og framover
Polisstaten
80.7%
Namnet på krigen mellom Athen og Sparta
Peloponneskrigen
80.3%
Folkeforsamlinga i Athen valde 500 menn til denne forsamlinga ved loddtrekning
Rådsforsamling
77.6%
Namnet på generalane i Athen
Strategane
77.4%
Namnet på blandinga av den greske og austleg kultur
Hellenismen
76.6%
Dei som kontrollerte lovene i Sparta
Eforane
76.3%
Tre grupper innbyggjarar i dei greske bystatane (alfabetisk)
Borgarane, framande og slavane
69.2%
Quiz Playlist
Details
Report
Send in Message
Add To Playlist
Classic:
Type in answers that appear in a list
Forced Order:
Answers have to be entered in order
Random Order:
Randomize order of answers
Last Updated: Sep 16, 2020
Quiz Scoreboard
CHALLENGE
Sign Up to Join the Scoreboard
Show All
Scores
Hide
Comments
May contain spoilers
Recently Published
Presidents Visiting Landmarks
by Hejman
History
7m
An Introduction to Baseball
by treessimontrees
Sports
5m
Movies - When Are They Set?
by FPL_Elf
Movies
5m
More to Explore
Quiz From the Vault
Featured Blog Post
Where Did the Easter Bunny Come From?
hide this ad
You Might Also Like...
Tags
Svar
Today's Top Quizzes in History
Browse History
hide this ad
Top Contributed Quizzes in History
1
Popular People in 1991
2
Popular People in 1981
3
Popular People in 1951
4
Popular People in 1941
5
Popular People in 1986
6
Popular People in 1976
7
Popular People in 1921
8
I Am Born On March 28th
9
Popular People in 1946
10
Popular People in 1936
Explore More
Trending Topics
Harry Potter
NBA
Anime
Disney
Kpop
Crossword
Marvel
Song
Soccer
Country
Puzzle
The Office
WWE
NFL
Pokémon
hide this ad
More By:
LektorRise
Quiz
Plays
Rating
Category
Featured
Created
Gresk antikk (klikking)
1,512
History
May 22, 2015
3. Ytre krefter (klikking) - 2023-24
1,079
Geography
Oct 17, 2018
Opplysningstid og den amerikanske revolusjon
1,053
History
Oct 19, 2012
Franske revolusjon
980
History
Oct 24, 2012
Den kalde krigen I
978
2.00
History
Mar 18, 2013
Go to Creator's Profile
Score Distribution
Quiz Creator Spotlight
LektorRise
Follow
Send a Message
Quizzes Created
-
Created Quiz Play Count
-
More By This Creator
Popular Quizzes Today
1
Find the US States - No Outlines Minefield
2
Find the Countries of Europe - No Outlines Minefield
3
The Countries of the World
4
Popular People in 1961
5
Find the US States
6
US States
7
Risky Map Clicking: Biggest States A-Z
8
1-10 Letter E Words III
More History Quizzes
On This Day: October 10th
Published
Trending Quizzes
Risky Map Clicking: Least Populous States A-Z
1-10 Letter G Words
1-10 Letter F Words
One Thing in Common: United Kingdom
Risky Map Clicking: Next State Alphabetically
Recently Updated
Leaping Animals
pecheneg
Reality TV Shows (A-Z)
bhenderson79
Rickey Henderson's Hall of Fame Teammates
pecheneg
Champions League XIs: Arsenal
pecheneg
Quick Pick: Celebrities in WWE's Hall of Fame
aduchscher
A-Z Keypad Blitz II
pecheneg
Multiple Oscar Actors
pecheneg
Mystery Phrase Blitz: Oscar 'Best Actors'
pecheneg
F. Scott Fitzgerald Novels
LTH
Pick 3 Villains
ddd62291
Trending Topics
Disney
Harry Potter
Crossword
NBA
Kpop
Anime
Marvel
WWE
Pokémon
Country
NFL
The Office
Puzzle
Soccer
Song
Your Account Isn't Verified!
In order to create a playlist on Sporcle, you need to verify the email address you used during registration. Go to your
Sporcle Settings
to finish the process.
Report this User
Report this user for behavior that violates our
Community Guidelines
.
Details:
Send Report
Go to the Sporcle.com Mobile Site →
Comments